000 00635nmm a2200193Ia 4500
008 251105s9999||||xx |||||||||||||||||und||
020 _a9789972429606
041 _aspa
100 _aFrisancho, Susana
245 0 _aAprendizaje, cultura y desarrollo: una aproximación interdisciplinaria
264 _a[Lima, Peru] :
_bPontificia Universidad Católica de Perú,
_c2017
300 _a240 páginas
650 _aEducation
700 _aFrisancho, Susana
700 1 _a Zavala, Virginia Ruiz Bravo López, Patricia
700 1 _a Moreno, María Teresa
856 _uhttps://public.digitaliapublishing.com/a/51218
942 _cCF
999 _c65652
_d65652